Articles de la Constitution - Statistiques

Statistiques générales
  • Ce quiz a été pris 87 fois
  • Le résultat moyen est 16 sur 29
Statistiques - réponses
Hint Réponse % Correct
Pouvoirs exceptionnels du Président Art 16
85%
Référendum Art 11
75%
(al1) « question de confiance » du Gouvernement à
l’Assemblée Nationale (généralement en début de mandat)
(al2) Motion de censure provoquée par l’AN
(al3) Engagement de responsabilité du Gouvernement sur un
texte (et dans ce cas renvoi à l’al2)
(al4) « question de confiance » du Gouvernement devant le
Sénat (quand il le souhaite)
Art 49
71%
Dissolution de l’AN Art 12
68%
Droit de message du Président devant le Congrès Art 18
68%
Domaine de la loi Art 34
66%
Qualité d’électeur - Suffrage universel, égal et secret

Art 3

66%
Domaine du Règlement Art 37
64%
Procédure des Ordonnances Art 38
64%
Procédure de question prioritaire de constitutionnalité Art 61-1
63%
Élection du Président de la République au suffrage universel. Art 6
61%
Saisine du Conseil constitutionnel pour contrôle de
constitutionnalité (lois, lois organiques, rglt des assemblées).
Art 61
61%
Autorité de chose jugée des décisions du CC Art 62
59%
Nomination des membres du Conseil constitutionnel (CC) Art 56
56%
Responsabilité du Président de la République et des ministres Art 68
56%
Nomination du Premier ministre (al1) et Gouvernement (al2) Art 8
56%
Les trois missions du Parlement Art 24
54%
Immunités parlementaires Art 26
54%
Initiative de la loi : Premier ministre et parlementaires Art 39
54%
Présidence du Conseil des ministres Art 9
54%
Saisine du Conseil constitutionnel pour vérifier la conformité
des Traités internationaux à la Constitution
Art 54
51%
Promulgation de la loi Art 10
49%
Irrecevabilité des amendements et propositions de lois en
matière de respect des domaines loi/règlement
Art 41
47%
Partis politiques organisation libre – pluralisme des partis Art 4
44%
Droit d’amendement Art 44
42%
Commission mixte paritaire – procédure accélérée de
discussion des lois
Art 45
42%
Irrecevabilité des amendements et propositions de lois en
matière financière
Art 40
41%
Ordre du jour des Assemblées Art 48
39%
Commissions permanentes des assemblées Art 42
37%
Aucun quiz correspondant
Distribution des résultats
% des personnes avec chaque résultat
Percentile par nombre de réponses
Votre historique - résultats
Vous n’avez pas pris ce quiz